000 00757nab a2200229u 4500
001 09549
003 HDC
007 c| |||a|c|aaaa
008 210201b20180808my ||||| |||| 00| 0 may d
040 _aHDC
245 0 _aGIFF 2018 kumpul pakar kewangan Islam
336 _atext
_2rdacontent
337 _acomputer
_2rdamedia
338 _aonline resource
_2rdacarrier
650 _aGlobal Alliance for Banking on Values (GABV)
_99846
650 _aGlobal Islamic Finance Forum (GIFF)
_99845
710 _aBerita Harian
856 _zRequest full-text at [email protected]
942 _2lcc
942 _cNEWS
942 _kNWSC 001637
999 _c6872
_d6872